Tyre force and moment properties for vehicle handling (Record no. 71652)

MARC details
000 -LEADER
fixed length control field 00376nam a2200121Ia 4500
100 ## - MAIN ENTRY--AUTHOR NAME
Personal name Chattaraj P P
245 #0 - TITLE STATEMENT
Title Tyre force and moment properties for vehicle handling
260 ## - PUBLICATION, DISTRIBUTION, ETC. (IMPRINT)
Name of publisher RUBCON 2002: Proceedings of the Indian Rubber Conference January 12-13. pp.63-67
650 ## - SUBJECT ADDED ENTRY--TOPICAL TERM
Topical Term Tyre
700 ## - ADDED ENTRY--PERSONAL NAME
Personal name Mukhopadhyay R
942 ## - ADDED ENTRY ELEMENTS (KOHA)
Koha item type Journals
Holdings
Withdrawn status Lost status Damaged status Not for loan Home library Current library Shelving location Date acquired Koha item type
      Journals RRII Library RRII Library Rubber chemistry 29/11/2002 Journals